[Event "Titled Tue 13th Aug Early"]
[Site "chess.com INT"]
[Date "2024.08.13"]
[Round "1"]
[White "Hristodoulou, P.."]
[Black "Barbot, Pi1"]
[Result "1-0"]
[WhiteElo "2407"]
[BlackElo "2440"]
[PlyCount "31"]
[EventDate "2024.08.13"]

1. e4 c5 2. d4 cxd4 3. c3 dxc3 4. Nxc3 Nc6 5. Nf3 g6 6. Bc4 Bg7 7. O-O d6 8. e5 ({RR} 8. Ng5 Nh6 9. h3 O-O 10. Be3 Kh8 11. Qd2 Na5 12. Bd3 f6 13. Nf3 Nf7 14. Rac1 Bd7 15. Nb5 Nc6 16. Nfd4 a6 17. Nc3 f5 18. Bc4 Nxd4 19. Bxd4 e5 20. Be3 f4 21. Bxf7 Rxf7 22. Qd5 Rf8 {Brunello,S (2206)-Zhigalko,A (2478) Chalkidiki 2003 0-1}) 8... dxe5 $146 ({RR} 8... Nxe5 9. Nxe5 Bxe5 10. Qb3 e6 11. Re1 Nf6 12. Bb5+ Nd7 13. Rxe5 dxe5 14. Ne4 O-O 15. Bg5 f6 16. Qxe6+ Kg7 17. Be3 Nb6 18. Qb3 Qd5 19. Bxb6 Qxb3 20. axb3 Bf5 21. Bc5 Bxe4 22. Bxf8+ Kxf8 23. f3 {Barczay,L-Honfi,K Budapest 1963 0-1 (31)}) ({RR} 8... Nxe5 9. Nxe5 Bxe5 10. Re1 Nf6 11. Bh6 Ng4 12. Bb5+ Bd7 13. Qxg4 Bxc3 14. Bxd7+ Qxd7 15. Qxd7+ Kxd7 16. bxc3 Rhc8 17. Re3 Rc5 18. Bf4 Rac8 19. Rae1 e5 20. Bg3 Rxc3 21. R3e2 Rc2 22. Kf1 Ke6 23. Rd1 {Weishaeutel,M (2400)-Sharshenbekov,E (2078) chess.com INT 2024 ½-½ (66)}) 9. Qb3 e6 10. Rd1 Qb6 11. Nb5 Nf6 12. Be3 Qa5 13. Nd6+ Ke7 14. Nxb7 Qc7 15. Bc5+ Ke8 16. Nd6+ 1-0

[Event "Krakow op"]
[Site "Krakow"]
[Date "2004.12.31"]
[Round "5"]
[White "Nurkiewicz, Maciej"]
[Black "Fraczek, Daniel"]
[Result "1-0"]
[WhiteElo "2406"]
[BlackElo "2276"]
[PlyCount "67"]
[EventDate "2004.12.27"]
[EventType "swiss"]
[EventRounds "9"]
[EventCountry "POL"]
[SourceTitle "CBM 104 Extra"]
[Source "ChessBase"]
[SourceDate "2005.03.01"]
[SourceVersion "1"]
[SourceVersionDate "2005.03.01"]
[SourceQuality "1"]

1. e4 c5 2. d4 cxd4 3. c3 dxc3 4. Nxc3 Nc6 5. Nf3 e6 6. Bc4 d6 7. O-O Nf6 8. Qe2 Be7 9. Rd1 e5 10. Bg5 O-O 11. h3 Be6 12. Bxf6 Bxf6 13. Nb5 Be7 14. Bxe6 fxe6 15. Qd3 Qd7 16. Rd2 a6 17. Nxd6 Rad8 18. Rad1 Bf6 $146 ({RR} 18... Qc7 19. Qb3 Bxd6 20. Qxe6+ Kh8 21. Rxd6 Nd4 22. R1xd4 exd4 23. e5 Qc1+ 24. Kh2 Qf4+ 25. Kg1 Rc8 26. Kf1 Rc1+ 27. Ke2 Qe4+ {0-1 (27) Shukh,N (2255)-Kurnosov,I (2556) Saratov 2006}) 19. Qb3 Nd4 20. Nxd4 exd4 21. Nxb7 Rc8 22. Na5 Rb8 23. Qd3 Rfc8 24. Nc4 e5 25. b3 Qe6 26. Qg3 Rb5 27. Qg4 Qxg4 28. hxg4 Be7 29. Rd3 g6 30. g3 Rf8 31. Kg2 Bb4 32. Rf3 Bc3 33. Rxf8+ Kxf8 34. f4 1-0

[Event "AUT-ch"]
[Site "Austria"]
[Date "1991.??.??"]
[Round "?"]
[White "Lendwai, Reinhard"]
[Black "Schlosser, Michael"]
[Result "1-0"]
[WhiteElo "2405"]
[BlackElo "2380"]
[PlyCount "147"]
[EventDate "1991.??.??"]
[EventType "tourn"]
[EventRounds "15"]
[EventCountry "AUT"]
[EventCategory "5"]
[SourceTitle "EXT 1997"]
[Source "ChessBase"]
[SourceDate "1996.11.15"]
[SourceVersion "1"]
[SourceVersionDate "1996.11.15"]
[SourceQuality "1"]

1. e4 c5 2. d4 cxd4 3. c3 dxc3 4. Nxc3 Nc6 5. Nf3 d6 6. Bc4 e6 7. O-O Be7 8. Qe2 a6 9. Rd1 Qc7 10. Bf4 Nf6 11. Rac1 O-O 12. a3 Ne5 ({RR} 12... b5 13. Ba2 Nh5 14. Be3 Qd7 15. e5 f5 16. Nd5 Bd8 17. exd6 Nf6 18. Ne7+ Nxe7 19. dxe7 Qxe7 20. Bc5 Qe8 21. Bxf8 Kxf8 22. Ng5 e5 23. Rxc8 Rxc8 24. Ne6+ Ke7 25. Qxe5 {1-0 (25) Obregon Rivero,J (2496)-Yoo,C (2588) chess.com INT 2024}) ({RR} 12... Nd7 13. Ba2 Qb8 14. h3 Nde5 15. Nd2 b5 16. Bg3 Qa7 17. Kh2 Bb7 18. f4 Nd4 19. Qf1 Nd7 20. Bf2 e5 21. Nd5 Bd8 22. Nf3 Nxf3+ 23. gxf3 Qb8 24. Qg2 Nf6 25. Rg1 g6 26. Ne3 exf4 27. Nf5 {Obregon Rivero,J (2485)-Fedotov,N (2311) chess.com INT 2025 1-0}) 13. Ba2 Qb8 14. Nd4 Re8 $146 ({RR} 14... Bd7 15. Bg3 Nc6 16. Nf3 Nh5 17. Bh4 Bxh4 18. Nxh4 Nf6 19. f4 b5 20. Nf3 b4 21. axb4 Nxb4 22. Bb1 e5 23. Qd2 Be6 24. Qxd6 Bb3 25. Qxb8 Raxb8 26. Rd6 exf4 27. e5 Nfd5 28. Nd2 Nxc3 29. bxc3 {Donath,J (2085)-Gebigke,M (2132) Berlin 2018 ½-½ (84)}) 15. Bg3 Ng6 16. Rc2 Qa7 17. Nf3 h6 18. Bxd6 Bxd6 19. Rxd6 e5 20. Rxf6 gxf6 21. Nd5 Kg7 22. Nc7 Re7 23. Nxa8 Qxa8 24. Nd2 Bd7 25. Nf1 Be6 26. Bxe6 fxe6 27. Rc3 Kh7 28. g3 Qd8 29. Ne3 Rf7 30. Ng4 Ne7 31. Rd3 Qf8 32. Rd7 Nc6 33. Nxf6+ Kg6 34. Rxf7 Qxf7 35. Ng4 h5 36. Ne3 Nd4 37. Qd1 b5 38. Kg2 Qb7 39. Qd3 Qc6 40. Nd1 Qc1 41. h4 a5 42. f4 Kf6 43. b4 a4 44. Nf2 Qe1 45. g4 Ne2 46. Qd8+ Kf7 47. Qd7+ Kf8 48. Qd8+ Kf7 49. Qc7+ Kf8 50. Qxe5 hxg4 51. Qf6+ Ke8 52. Qxe6+ Kf8 53. Qf6+ Ke8 54. Qg6+ Kf8 55. Qh6+ Ke8 56. Qh5+ Kf8 57. Qc5+ Kf7 58. Qf5+ Ke7 59. Qc5+ Kf7 60. Qh5+ Kf8 61. Qf5+ Ke7 62. Qg5+ Kf8 63. Qxg4 Qg1+ 64. Kf3 Nd4+ 65. Ke3 Nc2+ 66. Kd3 Nxb4+ 67. Ke2 Qxg4+ 68. Nxg4 Nc2 69. Kd3 Nxa3 70. Ne3 Nb1 71. Nc2 Kg7 72. f5 Kf6 73. h5 Kg5 74. e5 1-0

[Event "Kecskemet Szechenyi"]
[Site "Kecskemet"]
[Date "1991.??.??"]
[Round "7"]
[White "Lendwai, Reinhard"]
[Black "Sestjakov, Sergei"]
[Result "1-0"]
[WhiteElo "2405"]
[BlackElo "2280"]
[PlyCount "167"]
[EventDate "1991.07.??"]
[EventType "tourn"]
[EventRounds "9"]
[EventCountry "HUN"]
[EventCategory "8"]
[SourceTitle "CBM 026"]
[Source "ChessBase"]
[SourceDate "1992.02.01"]
[SourceVersion "1"]
[SourceVersionDate "1992.02.01"]
[SourceQuality "1"]

1. e4 c5 2. d4 cxd4 3. c3 dxc3 4. Nxc3 Nc6 5. Nf3 d6 6. Bc4 e6 7. O-O Nf6 8. Qe2 a6 9. Rd1 Qc7 10. Bg5 Be7 11. Rac1 O-O 12. a3 ({RR} 12. a4 Qb8 13. h3 Ne5 14. Bb3 Nxf3+ 15. gxf3 b6 16. Qe3 b5 17. axb5 axb5 18. Kh1 Kh8 19. Rg1 b4 20. Ne2 Qa7 21. Nd4 Bd7 22. f4 Rfc8 23. e5 Rxc1 24. Rxc1 dxe5 25. fxe5 Ng8 26. Rg1 g6 {Lonoff,M (2335)-Pelts,R (2430) Chicago 1992 ½-½ (67)}) 12... Ne5 $146 ({RR} 12... Qb8 13. b4 b5 14. Ba2 Bb7 15. Bf4 Ne5 16. Nxe5 dxe5 17. Be3 Rd8 18. f3 Rxd1+ 19. Nxd1 Ne8 20. Nf2 h6 21. Nd3 a5 22. Bc5 Bg5 23. Rd1 Bc6 24. Qb2 Bf6 25. bxa5 Rxa5 26. Bb4 Ra7 27. Nc5 {Stokes,M (1995)-Burrows,M (2058) Harrogate ENG 2023 0-1 (88)}) ({RR} 12... Bd7 13. b4 h6 14. Be3 b5 15. Ba2 Qb7 16. Bf4 Qb8 17. e5 dxe5 18. Nxe5 Nxe5 19. Bxe5 Qb7 20. Ne4 Qxe4 21. Qxe4 Nxe4 22. Rxd7 Bf6 23. Bxf6 Nxf6 24. Rb7 Rac8 25. Rcc7 Rxc7 26. Rxc7 Rd8 27. h3 {Szewczyk,M (1476)-Dukaczewski,P (2095) Lublin POL 2023 0-1 (43)}) 13. Nxe5 dxe5 14. Bxe6 Qb6 15. Bxf6 Bxf6 16. Nd5 Qxe6 17. Nc7 Qg4 18. f3 Qg6 19. Nxa8 Bg5 20. Rc3 h5 21. Nc7 h4 22. Nd5 Be6 23. Kh1 Kh7 24. Rc7 Rb8 25. b4 Bd8 26. Rc5 h3 27. g3 Bg5 28. Ne3 f6 29. Rc7 Bh6 30. Rd6 Qe8 31. Nd5 Kh8 32. Nc3 Rc8 33. Rxc8 Qxc8 34. Qd3 Kh7 35. Nd1 Bc4 36. Qc2 Qc7 37. Rd3 b5 38. Rc3 Qb6 39. Qf2 Qd6 40. Qc2 Bd2 41. Rxc4 bxc4 42. Qxc4 Bxb4 43. Qf1 Bxa3 44. Qxh3+ Kg8 45. Qc8+ Kf7 46. Qc4+ Kg6 47. Nf2 Qc5 48. Qe2 Qb5 49. Nd3 Kh7 50. f4 Bd6 51. f5 a5 52. g4 a4 53. h4 a3 54. g5 Qb1+ 55. Kg2 Kg8 56. gxf6 gxf6 57. Qh5 Qc2+ 58. Nf2 Qc7 59. Qe8+ Bf8 60. Ng4 Qg7 61. Kf3 a2 62. Qa8 Qe7 63. Qxa2+ Kg7 64. h5 Qd6 65. Ne3 Qd3 66. h6+ Kh8 67. Qa8 Qd6 68. Qe8 Qa3 69. Qg6 Qa6 70. Qe8 Kg8 71. Qe6+ Qxe6 72. fxe6 Bxh6 73. Nd5 Bg5 74. Kg4 Kg7 75. Kf5 Bh4 76. Kg4 Bg5 77. Kf5 Bh4 78. Ne7 Be1 79. Kg4 Bd2 80. Kh5 Bc1 81. Nf5+ Kf8 82. Kg6 Bg5 83. e7+ Ke8 84. Kg7 1-0

[Event "chess.com SpeedChess Q2Sw"]
[Site "chess.com INT"]
[Date "2022.11.12"]
[Round "12"]
[White "Ezat, M.."]
[Black "Mouhamad, J.."]
[Result "1-0"]
[WhiteElo "2404"]
[BlackElo "2266"]
[PlyCount "87"]
[EventDate "2022.11.12"]

1. e4 c5 2. d4 cxd4 3. c3 dxc3 4. Nxc3 Nc6 5. Nf3 d6 6. Bc4 a6 7. O-O Nf6 8. h3 e6 9. Qe2 Be7 10. Rd1 Qc7 11. Bf4 Ne5 12. Bb3 O-O 13. Rac1 Qb8 14. Bh2 ({RR} 14. a4 Bd7 15. Bg5 Bc6 16. Nd4 Rc8 17. f4 Ned7 18. Nxe6 fxe6 19. Bxe6+ Kh8 20. Nd5 Bd8 21. b3 b5 22. a5 Bxd5 23. exd5 Rxc1 24. Rxc1 Nc5 25. Bf5 Bxa5 26. Bxf6 gxf6 27. b4 Bxb4 28. Qb2 Qf8 {Porozhnyak,M (1953)-Dighton,S (2237) chess.com INT 2025 0-1 (34)}) 14... b5 15. Nd4 Bb7 16. f4 Ng6 $146 ({RR} 16... Nc4 17. e5 dxe5 18. fxe5 Nd5 19. Ne4 Nde3 20. Nd6 Bxd6 21. exd6 Nxd1 22. Rxd1 Qa7 23. Kh1 Rad8 24. Bc2 Nxd6 25. Qh5 Nf5 26. Nxf5 Rxd1+ 27. Qxd1 exf5 28. Bxf5 Qf2 29. Qg4 Re8 30. Bg3 Re1+ 31. Kh2 {Jakobeit,D (2210)-Golubev,M (2461) chess.com INT 2023 0-1 (31)}) 17. e5 dxe5 18. fxe5 Nd7 19. Nxe6 fxe6 20. Bxe6+ Kh8 21. Bxd7 Qa7+ 22. Kh1 Rf2 23. Bg1 Rxg2 24. Bxa7 Rxe2+ 25. Nd5 Rxa7 26. Bc6 Bxc6 27. Rxc6 Bf8 28. Rc8 Rxe5 29. Rf1 h5 30. Nf4 Kh7 31. Nxg6 Kxg6 32. Rcxf8 Rd7 33. R8f2 Rde7 34. Rg1+ Kh7 35. Rgg2 Re3 36. Kh2 Rd3 37. Rf5 g6 38. Rf6 Rg7 39. Rxa6 Rd5 40. Rb6 Kh6 41. b3 Re7 42. Rbxg6+ Kh7 43. R6g5 Kh6 44. Rxd5 1-0

[Event "chess.com SpeedChess Q2Sw"]
[Site "chess.com INT"]
[Date "2022.11.12"]
[Round "14"]
[White "Ezat, M.."]
[Black "Ankerst, Mih"]
[Result "1-0"]
[WhiteElo "2404"]
[BlackElo "2370"]
[PlyCount "117"]
[EventDate "2022.11.12"]

1. e4 c5 2. d4 cxd4 3. c3 dxc3 4. Nxc3 e6 5. Nf3 d6 6. Bc4 a6 7. O-O b5 8. Bb3 Ra7 9. Qe2 Be7 10. Bf4 Nf6 11. Rfd1 Rd7 12. e5 $146 ({RR} 12. Ng5 b4 13. Na4 d5 14. Bxb8 h6 15. Nh3 Nxe4 16. Rac1 Bb7 17. Ba7 Bd6 18. f3 Ng5 19. Nf2 Qa8 20. Bd4 Qb8 21. Ng4 O-O 22. Ne5 Rc7 23. Nc5 Rfc8 24. Ned7 Qa8 25. Nb6 Bxc5 26. Rxc5 Qb8 {Artemov,N-Cherednichenko,V (1959) Voronezh 2008 1-0}) 12... dxe5 13. Nxe5 Rxd1+ 14. Rxd1 Qb6 15. a4 O-O 16. axb5 axb5 17. Qxb5 Nbd7 18. Nc6 Bc5 19. Qxb6 Nxb6 20. Bd6 Bxd6 21. Rxd6 Nbd7 22. g4 h6 23. h4 g5 24. f4 Nc5 25. Bc2 gxf4 26. g5 hxg5 27. hxg5 Nh5 28. Ne7+ Kg7 29. Rc6 Bb7 30. Rxc5 Re8 31. Rc7 Bf3 32. g6 Kf8 33. Nf5 exf5 34. Rxf7+ Kg8 35. Bb3 Ng7 36. Rxf5+ Kh8 37. Rxf4 Bh5 38. Bf7 Re5 39. Ne4 Ne6 40. Bxe6 Rxe6 41. Rh4 Rxe4 42. Rxe4 Bxg6 43. Rg4 Bd3 44. b4 Be2 45. Rg3 Bb5 46. Kf2 Kh7 47. Ke3 Kh6 48. Kd4 Ba4 49. Kc5 Bd7 50. b5 Bc8 51. b6 Ba6 52. Kc6 Kh5 53. Ra3 Bc8 54. Kc7 Bf5 55. b7 Kg5 56. b8=Q Kf4 57. Qf8 Ke4 58. Ra4+ Ke5 59. Qd6# 1-0

[Event "Olomouc op"]
[Site "Olomouc"]
[Date "2010.08.08"]
[Round "5"]
[White "Castaldo, Folco"]
[Black "Pozin, Sergey"]
[Result "1-0"]
[WhiteElo "2403"]
[BlackElo "2414"]
[PlyCount "57"]
[EventDate "2010.08.04"]
[EventType "swiss"]
[EventRounds "9"]
[EventCountry "CZE"]
[SourceTitle "CBM 137 Extra"]
[Source "ChessBase"]
[SourceDate "2010.09.01"]
[SourceVersion "1"]
[SourceVersionDate "2010.09.01"]
[SourceQuality "1"]

1. e4 c5 2. Nc3 e6 3. f4 d5 4. Nf3 dxe4 5. Nxe4 Be7 6. d4 cxd4 7. Qxd4 Qxd4 8. Nxd4 a6 9. Be3 Nf6 ({RR} 9... Nd7 10. g3 Ngf6 11. Bg2 Nxe4 12. Bxe4 Nc5 13. Bf3 Bd7 14. O-O-O Rc8 15. Rd2 Rc7 16. Rhd1 Na4 17. Ne2 Bb5 18. Bd4 f6 19. b3 Bb4 20. bxa4 Bxd2+ 21. Rxd2 Bxa4 22. Nc3 Bc6 23. Bh5+ {1-0 (23) Adams,M (2680)-Lautier,J (2660) Tilburg 1997}) 10. Nxf6+ Bxf6 11. Be2 Nd7 $146 ({RR} 11... e5 12. fxe5 Bxe5 13. O-O-O O-O 14. Bf3 Nd7 15. Nf5 Bf6 16. Nd6 Ne5 17. Nxc8 Raxc8 18. Bxb7 Rb8 19. Bd5 Rxb2 20. Kxb2 Nc4+ 21. Kc1 Nxe3 22. Rd3 Bg5 23. h4 Bf4 24. g3 Nxd5+ 25. gxf4 Nxf4 26. Rd6 {Pinter,E (2375)-Hasangatin,R (2474) Piestany 2004 1-0 (41)}) ({RR} 11... Bd7 12. O-O-O Nc6 13. Bf3 Rc8 14. Nb3 Nb4 15. Bc5 a5 16. Bxb7 Rc7 17. Be4 Nxa2+ 18. Kb1 Nb4 19. Bb6 Rc4 20. Nd2 Rc8 21. Bxa5 Nc6 22. Bb6 Nd4 23. Nf3 Ne2 24. Ne5 Ba4 25. g3 O-O 26. Ba5 {Arribas Lopez,A (2471)-Gareyev,T (2615) Dallas 2017 ½-½ (47)}) 12. O-O-O Nc5 13. Nf5 b6 14. Nd6+ Ke7 15. Nc4 Rb8 16. c3 Na4 17. Nd6 b5 18. Bf3 Rd8 19. Ba7 Bd7 20. Nxf7 b4 21. Nxd8 Rxd8 22. Bd4 bxc3 23. Bxf6+ gxf6 24. b3 Nc5 25. Rhe1 Rc8 26. Re3 a5 27. Kc2 e5 28. Rxc3 e4 29. Rxd7+ 1-0

[Event "Wch U20 55th"]
[Site "Bhubaneswar"]
[Date "2016.08.12"]
[Round "5"]
[White "Bersamina, Paulo"]
[Black "Rahul, Srivatshav P"]
[Result "1-0"]
[WhiteElo "2402"]
[BlackElo "2280"]
[PlyCount "49"]
[EventDate "2016.08.08"]
[EventType "swiss"]
[EventRounds "13"]
[EventCountry "IND"]
[SourceTitle "CBM 173 Extra"]
[Source "ChessBase"]
[SourceDate "2016.08.29"]
[SourceVersion "1"]
[SourceVersionDate "2016.08.29"]
[SourceQuality "1"]

1. e4 c5 2. Nc3 e6 3. f4 d5 4. Nf3 dxe4 5. Nxe4 Nc6 6. Bb5 Bd7 7. O-O a6 ({RR} 7... Nf6 8. d3 a6 9. Nxf6+ gxf6 10. Ba4 Nd4 11. Bxd7+ Qxd7 12. Be3 Nf5 13. Qe2 O-O-O 14. Bf2 Qc7 15. Nd2 Qxf4 16. Ne4 Qc7 17. c3 Bd6 18. b4 Bxh2+ 19. Kh1 Bg3 20. bxc5 Rhg8 21. Kg1 Bh2+ 22. Kh1 {Polgar,J (2722)-Kramnik,V (2777) Cap d'Agde 2003 ½-½ (35)}) 8. Be2 ({RR} 8. Bxc6 Bxc6 9. Qe2 Be7 10. d3 Nf6 11. c3 O-O 12. Ne5 Rc8 13. Ng5 h6 14. Ngf3 Nd7 15. Nxc6 Rxc6 16. Be3 Bf6 17. d4 Rc8 18. Rad1 Qc7 19. d5 exd5 20. Rxd5 Rfe8 21. Qf2 b6 22. Rfd1 Nf8 {Tari,A (2628)-Ahmad,K (2406) chess.com INT 2024 1-0 (101)}) 8... Nh6 $146 ({RR} 8... Be7 9. a4 Nf6 10. Nf2 Qc7 11. d3 O-O 12. Ng5 Nd4 13. Bd2 e5 14. c3 Nxe2+ 15. Qxe2 Bd6 16. Nfe4 exf4 17. Nxf6+ gxf6 18. Ne4 Bf5 19. Nxf6+ Kh8 20. Nd5 Qc6 21. c4 Rae8 22. Bc3+ f6 23. Qh5 {Pereira,G (2037)-Wiltner,M (1570) Sao Bento do Sul 2017 1-0 (39)}) ({RR} 8... Nf6 9. Nf2 Qc7 10. d3 Bd6 11. Nh3 e5 12. fxe5 Nxe5 13. Nhg5 h6 14. Nxe5 hxg5 15. Nxd7 Bxh2+ 16. Kh1 Nxd7 17. Bh5 g6 18. Bg4 f5 19. Bh3 g4 20. Re1+ Kf8 21. Bxg4 fxg4 22. Rf1+ Kg8 23. c3 {Ziabari,M (1766)-Heinel,M (1963) Bergisch Gladbach 1996 0-1 (39)}) 9. Ne5 Nxe5 10. fxe5 Bc6 11. d3 Nf5 12. Qe1 c4 13. Kh1 Qd4 14. c3 Qxe5 15. Bf4 Qb5 16. Bg4 cxd3 17. c4 Qxc4 18. Bxf5 Qd5 19. Bg5 Kd7 20. Bh3 f5 21. Nc3 Qd4 22. Rd1 Bc5 23. Qg3 Ke8 24. Rxd3 f4 25. Qe1 1-0

[Event "Titled Tuesday intern op 09th Feb"]
[Site "Chess.com INT"]
[Date "2021.02.09"]
[Round "11"]
[White "Ezat, Mohamed Mahmoud"]
[Black "Samani, Yamac"]
[Result "1-0"]
[WhiteElo "2402"]
[BlackElo "2246"]
[PlyCount "59"]
[EventDate "2021.02.09"]
[EventType "swiss (blitz)"]
[EventRounds "11"]
[EventCountry "USA"]
[SourceTitle "EXT 2022"]
[Source "ChessBase"]
[SourceDate "2021.10.06"]
[SourceVersion "1"]
[SourceVersionDate "2021.10.06"]
[SourceQuality "1"]

1. e4 c5 2. d4 cxd4 3. c3 dxc3 4. Nxc3 d6 5. Nf3 Nc6 6. Bc4 a6 7. O-O Nf6 8. h3 e6 9. Qe2 Be7 10. Rd1 Bd7 11. Bf4 e5 12. Bg5 Qb8 13. Bxf6 Bxf6 14. Nd5 Bd8 $146 ({RR} 14... Qd8 15. Rac1 O-O 16. Qd2 Be6 17. Nxf6+ Qxf6 18. Bxe6 Qxe6 19. Qxd6 Qxd6 20. Rxd6 Rfd8 21. Rcd1 Rxd6 22. Rxd6 f6 23. Rd7 Rb8 24. Kf1 Kf8 25. Ke2 Ne7 26. Nd2 Ke8 27. Rc7 Kd8 28. Rc3 Nc6 29. Nb3 {Metehau,L (1757)-Menlibai,D (1511) Baile Felix 2017 ½-½ (47)}) 15. a3 b5 16. Ba2 O-O 17. Rd2 Be6 18. Rad1 Ra7 19. Qe3 Rd7 20. Ng5 Bxg5 21. Qxg5 Qd8 22. Qe3 Nd4 23. b4 a5 24. Rxd4 exd4 25. Qxd4 axb4 26. axb4 Qh4 27. Rd3 Ra8 28. Rg3 Qh6 29. Nf6+ Kh8 30. Bxe6 1-0

[Event "Titled Tuesday intern op 21st July"]
[Site "Chess.com INT"]
[Date "2020.07.21"]
[Round "10"]
[White "Ezat, Mohamed Mahmoud"]
[Black "Balakrishnan, Praveen"]
[Result "1-0"]
[WhiteElo "2401"]
[BlackElo "2498"]
[PlyCount "97"]
[EventDate "2020.07.21"]
[EventType "swiss (blitz)"]
[EventRounds "10"]
[EventCountry "USA"]
[SourceTitle "CBM 197 Extra"]
[Source "ChessBase"]
[SourceDate "2020.09.30"]
[SourceVersion "1"]
[SourceVersionDate "2020.09.30"]
[SourceQuality "1"]

1. e4 c5 2. d4 cxd4 3. c3 dxc3 4. Nxc3 Nc6 5. Nf3 g6 6. Bc4 Bg7 7. O-O d6 8. Qe2 Nf6 9. Rd1 Bg4 10. Bf4 O-O ({RR} 10... Nh5 11. Qe3 Bxf3 12. Qxf3 Nxf4 13. Qxf4 O-O 14. Rac1 Qa5 15. Qe3 Qc5 16. Qxc5 dxc5 17. Na4 b6 18. Bd5 Rfc8 19. Bxc6 Rxc6 20. Rd7 Kf8 21. Rcd1 Ke8 22. Nc3 Bxc3 23. bxc3 Rcc8 24. Rb7 Rcb8 25. Rdd7 {Ivanov,I (2405)-Gusev,A (2394) Tula 2006 0-1 (41)}) 11. h3 Bxf3 12. Qxf3 Nd7 13. Bd5 $146 ({RR} 13. Qg3 Nde5 14. Bb3 Na5 15. Bc2 Rc8 16. Rac1 Nac4 17. b3 Na3 18. Bd3 Nd7 19. Nd5 Nb6 20. Nxe7+ Qxe7 21. Bxd6 Rxc1 22. Rxc1 Qe6 23. Bxa3 Rd8 24. Qf3 Be5 25. Bb4 Qd7 26. Be2 Qe6 27. a4 Rd4 {Nytra,P (1941)-Kapusta,P (2145) Stare Mesto 2021 ½-½ (66)}) ({RR} 13. Rac1 Nde5 14. Bxe5 Nxe5 15. Qe2 Nxc4 16. Qxc4 Rc8 17. Qb4 Bxc3 18. Rxc3 Rxc3 19. Qxc3 Qb6 20. Rc1 e6 21. h4 h5 22. Qf6 Qb4 23. Qf4 d5 24. f3 dxe4 25. fxe4 Qxb2 26. Rf1 Qd4+ 27. Kh1 b5 {Matthew Bailey (1608)-Alavkin,A (2367) chess.com INT 2024 0-1 (39)}) 13... Rc8 14. a3 Nb6 15. Bxc6 Rxc6 16. e5 Nc4 17. exd6 exd6 18. Ne4 d5 19. Rxd5 Qxd5 20. Nf6+ Rxf6 21. Qxd5 Rxf4 22. Qxb7 Bd4 23. Rf1 Nd2 24. g3 Rf5 25. Qb4 Nf3+ 26. Kg2 Bc5 27. Qc3 Bb6 28. b4 Ng5 29. Qd3 Rd8 30. Qe2 Nf3 31. a4 Nd4 32. Qe7 Nc6 33. Qe4 Rd6 34. a5 Re6 35. Qd3 Nxb4 36. Qc4 Bxa5 37. g4 Rff6 38. Qc8+ Kg7 39. Qc3 Nc6 40. Qa1 g5 41. h4 h6 42. hxg5 hxg5 43. f4 Kg8 44. Rh1 Bb6 45. f5 Rd6 46. Qe1 Rd8 47. Qc3 Bd4 48. Qh3 Be5 49. Qh8# 1-0

[Event "Titled Tue 4th Mar Early"]
[Site "chess.com INT"]
[Date "2025.03.04"]
[Round "7"]
[White "Weishaeutel, Moritz"]
[Black "Hernandez Izquierdo, Jose A."]
[Result "1-0"]
[WhiteElo "2401"]
[BlackElo "2223"]
[PlyCount "65"]
[EventDate "2025.03.04"]

1. e4 c5 2. d4 cxd4 3. c3 dxc3 4. Nxc3 Nc6 5. Nf3 e6 6. Bc4 d6 7. O-O Nf6 8. Qe2 Be7 9. Rd1 e5 10. Bb5 Bg4 11. h3 Bxf3 12. Qxf3 O-O 13. Be3 a6 14. Bf1 Rc8 15. Rac1 b5 16. a4 b4 17. Nd5 Nxd5 18. Rxd5 Nd4 19. Qd1 Rxc1 20. Qxc1 Ne6 $146 ({RR} 20... Qb6 21. a5 Qb7 22. Qc4 Nc6 23. Qxa6 Qxa6 24. Bxa6 Rb8 25. Bb6 Bd8 26. Rxd6 Bxb6 27. axb6 Rxb6 28. Bc4 g6 29. Bd5 {1-0 (29) Weishaeutel,M (2398)-Shevchuk,O (2093) chess.com INT 2024}) ({RR} 20... Qb6 21. a5 Qb7 22. Qc4 Nc6 23. Qxa6 Qxa6 24. Bxa6 Rb8 25. Bb6 Bd8 26. Rxd6 Bxb6 27. axb6 Rxb6 28. Bc4 g6 29. Bd5 {1-0 (29) Weishaeutel,M (2398)-Shevchuk,O (2093) chess.com INT 2024}) 21. Bxa6 Qa8 22. Qc4 Rb8 23. Bb5 Rc8 24. Qxb4 Nc7 25. Rd1 Nxb5 26. axb5 Qb7 27. Rd5 f5 28. Qb3 Kh8 29. exf5 Qd7 30. Qd3 Qb7 31. b6 Bf8 32. Ra5 d5 33. Qxd5 1-0

[Event "Titled Tue 15th Oct Early"]
[Site "chess.com INT"]
[Date "2024.10.15"]
[Round "5"]
[White "Weishaeutel, Moritz"]
[Black "Horak, Martin"]
[Result "1-0"]
[WhiteElo "2401"]
[BlackElo "2362"]
[PlyCount "47"]
[EventDate "2024.10.15"]

1. e4 c5 2. d4 cxd4 3. c3 dxc3 4. Nxc3 Nc6 5. Nf3 d6 6. Bc4 a6 7. O-O Nf6 8. Bf4 Bg4 9. h3 Bxf3 10. Qxf3 e6 11. Rfd1 Qc7 ({RR} 11... Qb8 12. Be2 Ne5 13. Qg3 h5 14. Rac1 h4 15. Qe3 b5 16. a4 Nc4 17. Qf3 Be7 18. axb5 axb5 19. Nxb5 Qxb5 20. Bxc4 Qb7 21. Bxd6 Bxd6 22. Rxd6 O-O 23. b3 Qxe4 24. Qxe4 Nxe4 25. Rd4 Nc5 26. Rxh4 {Weishaeutel,M (2389)-Le,Q (2731) chess.com INT 2024 ½-½ (101)}) 12. Rac1 Qb8 ({RR} 12... Be7 13. Bb3 Qa5 14. Bxd6 Bxd6 15. Rxd6 O-O 16. Rcd1 Rad8 17. Qe3 Rxd6 18. Rxd6 Qe5 19. Rd2 Rd8 20. f4 Qc7 21. e5 Ne8 22. Ne4 Ne7 23. Rxd8 Qxd8 24. Qd2 Qb6+ 25. Kh2 Qc6 26. Qd8 Kf8 27. Nd6 {Domingo Nunez,A (2328)-Akhmedov,D (2361) chess.com INT 2024 0-1 (40)}) 13. Be2 Be7 $146 ({RR} 13... Ne5 14. Bxe5 dxe5 15. Nb5 axb5 16. Bxb5+ Ke7 17. g4 g5 18. Qc3 Nxe4 19. Rd7+ Kf6 20. Qf3+ Kg7 21. Qxf7+ {1-0 (21) Zieringer,S (1766)-Cozzuto,A (1635) Willingen 2018}) 14. Qg3 O-O 15. Rxd6 Bxd6 16. Bxd6 Qa7 17. e5 Ne8 18. Bxf8 Kxf8 19. Bf3 Nd4 20. Ne4 Rd8 21. Qf4 Nxf3+ 22. Qxf3 Qd4 23. Ng5 Rd7 24. Nxe6+ 1-0

[Event "Titled Tue 21st Jan Early"]
[Site "chess.com INT"]
[Date "2025.01.21"]
[Round "2"]
[White "Weishaeutel, Moritz"]
[Black "Micic, Aleksa"]
[Result "1-0"]
[WhiteElo "2401"]
[BlackElo "2202"]
[PlyCount "59"]
[EventDate "2025.01.21"]

1. e4 c5 2. d4 cxd4 3. c3 dxc3 4. Nxc3 Nc6 5. Nf3 e6 6. Bc4 Bb4 7. O-O Nge7 8. Qe2 O-O 9. Rd1 Ng6 10. Bg5 Be7 11. Bxe7 Qxe7 12. Nb5 d5 13. exd5 exd5 14. Qxe7 Ngxe7 15. Nc7 Rb8 16. Nxd5 Nxd5 17. Bxd5 Bg4 18. a3 $146 ({RR} 18. h3 Bh5 19. a3 Rfc8 20. Rac1 Kf8 21. Rc5 Nd8 22. Rdc1 Rxc5 23. Rxc5 Ke7 24. Bxb7 Rxb7 25. Rxh5 Rxb2 26. Ra5 Nc6 27. Ra6 Rb6 28. Ra4 Kd6 29. Nd4 Nxd4 30. Rxd4+ Kc6 31. Rc4+ Kd6 32. Rd4+ Kc6 {Weishaeutel,M (2379)-Brodsky,D (2515) chess.com INT 2024 1-0 (68)}) ({RR} 18. h3 Bh5 19. a3 Rfc8 20. Rac1 Kf8 21. Rc5 Nd8 22. Rdc1 Rxc5 23. Rxc5 Ke7 24. Bxb7 Rxb7 25. Rxh5 Rxb2 26. Ra5 Nc6 27. Ra6 Rb6 28. Ra4 Kd6 29. Nd4 Nxd4 30. Rxd4+ Kc6 31. Rc4+ Kd6 32. Rd4+ Kc6 {Weishaeutel,M (2379)-Brodsky,D (2515) chess.com INT 2024 1-0 (68)}) 18... Rfd8 19. Rac1 Bxf3 20. Bxf3 Nd4 21. Bg4 f5 22. Rc4 Rbc8 23. Rdxd4 Rxc4 24. Rxd8+ Kf7 25. Be2 Rc2 26. Bf3 Rxb2 27. g3 Rb3 28. Bd5+ Ke7 29. Bxb3 Kxd8 30. Kg2 1-0